GG Things Quiz Stats

 Plays Quiz Updated Oct 31, 2018

Score 0/26 Timer 07:00
2 Plays Today
Hint Thing % Correct
Red hued bridge north of San FranciscoGolden Gate
94.2%
'Jolly' General Mills vegetable brandGreen Giant
80.9%
Spider-Man pigmented nemesisGreen Goblin
80.1%
F. Scott Fitzgerald novel(The) Great Gatsby
70.8%
Yearly film and television awardGolden Globe
69.4%
'What's Eating' Johnny DeppGilbert Grape
69.1%
Honey and brown sugar General Mills cerealGolden Grahams
68.3%
Popular French vodkaGrey Goose
64.1%
Female led 1985-1992 NBC sitcom(The) Golden Girls
60%
Titular farm in Canada where Anne livedGreen Gables
54.7%
Sang: 'First I was afraid, I was petrified'Gloria Gaynor
52.4%
Female led 2000-2007 WB/CW dramaGilmore Girls
50.9%
Swedish 20's and 30's film actress greatGreta Garbo
45%
Hint Thing % Correct
Rapid-fire weapon from the 1860'sGatling Gun
44.8%
Female led 2007-2012 CW dramaGossip Girl
42.5%
'Rhapsody in Blue' composerGeorge Gershwin
40%
Stand-up comic who voiced the Aflac duckGilbert Gottfried
39.6%
16-17th century astronomer good with a telescopeGalileo Galilei
38.3%
'Wall Street' Oscar winning villainGordon Gekko
31.8%
2006 football film for Dwayne JohnsonGridiron Gang
28.5%
'Revenge of the Sith' cyborg baddieGeneral Grievous
21.5%
Played Kicking Bird in 'Dances with Wolves'Graham Greene
11.5%
1977 Richard Dreyfuss N.Y. based rom com(The) Goodbye Girl
11.1%
Oscar winning actress from Mrs. MiniverGreer Garson
9.5%
1940 Tacoma Narrows Bridge nicknameGalloping Gertie
6.9%
'The Tin Drum' novelistGünter Grass
6.4%

You're not logged in!

Compare scores with friends on all Sporcle quizzes.
OR
Log In

Sporcle TV

Today on Sporcle TV


Watch our educational content, quiz creation guides, and fun videos on Sporcle TV.

Show Comments

Extras

Top Quizzes Today


Score Distribution

Your Account Isn't Verified!

In order to create a playlist on Sporcle, you need to verify the email address you used during registration. Go to your Sporcle Settings to finish the process.

Report this User

Report this user for behavior that violates our Community Guidelines.

Details: